Normal view
MARC view
Entry Geographic Name
001 - CONTROL NUMBER
- control field: 41627
003 - CONTROL NUMBER IDENTIFIER
- control field: ARRUPE
005 - DATE AND TIME OF LATEST TRANSACTION
- control field: 20180424151111.0
008 - FIXED-LENGTH DATA ELEMENTS
- fixed length control field: 180424|| aca||aabn | a|a d
040 ## - CATALOGING SOURCE
- Original cataloging agency: ARRUPE
- Transcribing agency: ARRUPE
151 ## - HEADING--GEOGRAPHIC NAME
- Geographic name: Africa
- General subdivision: Politics and government
- Chronological subdivision: 1960-
670 ## - SOURCE DATA FOUND
- Source citation: Work cat.: (ARRUPE)0: Hydén, Göran, 1938- 41625, African politics in comparative perspective /, 2006.